000 00290nam a22001337a 4500
008 171010b xxu||||| |||| 00| 0 eng d
020 _a9780205361007
041 _aeng
080 _a316
100 _a50
101 _aSOC
245 _aA WORLD FULL OF WOMEN
_cWARD, M.C
942 _2udc
_cBK
999 _c32733
_d32733